1429 1923 1511 1432 1199 1103 1319 1220 1824 1746 1054 1681 1534 1855 1156 1843 1069 1828 1842 1692 1247 1941 1553 1545 1106 1715 1428 1643 1349 1592 1204 1089 1200 1854 1177 1081 1340 1991 1183 1269 1827 1450 1380 1217 1591 1234 1244 1069 1240 1486 1468 1842 1590 1701 1367 1062 1955 1450 1606 1064 1477 1994 1622 1166 1987 1280 1220 1262 1954 1583 1934 1515 1159 1223 1632 1963 1586 1831 1019 1070 1649 1460 1472 1679 1686 1746 1909 1508 1226 1834 1019 1967 1753 1814 1794 1779 1233 1310 1962 BCNSPRNW ULIB Ver.6.0+V

เปลี่ยนเป็นภาษาไทย

Change to English
 แสดงรายละเอียดบรรณานุกรม
  กลับหน้าหลัก

Brief Record : Get Marc (ISO 2709) : E-mail record : QR code < ปิดหน้าต่าง
LEADER : 00000nam 2200000uu 4500
001    13399125958
003     ULIB
008    020711s2560 th a 000 0 tha d
060    ^aWY20.5^bว522ก
100    ^aวิจิตร ศรีสุพรรณ และคณะ
245    ^aการพัฒนาศูนย์การเรียนรู้และนวัตกรรมทางการพยาบาลเพื่อการสร้างเสริมสุขภาพโครงการขับเคลื่อนวิชาชีพการพยาบาลเพื่อการสร้างเสริมสุขภาพ
250    ^aพิมพ์ครั้งที่ 2
260    ^aนนทบุรี :^bโรงพิมพ์บริษัทมาตาการพิมพ์,^c2560
300    ^a52 หน้า;^c30 ซม.
650    ^aพยาบาล-นวัตกรรม
945    ^p0^l0^i003398
999    ^aประนอม เกษจรัล
รายการนี้ยังไม่มีแท็ก
คุณยังไม่ได้ล็อกอิน คุณสามารถมีกิจกรรมร่วมกับเว็บไซต์ได้ แต่ต้องล็อกอินก่อน ::
  ล็อกอิน

รายการสื่อสารสนเทศ

ลำดับที่ ประเภท เลขเรียก/บาร์โค้ด สถานที่ สถานะ
1. วิทยาศาสตร์การแพทย์ และสุขภาพ
วิทยาศาสตร์การแพทย์ และสุขภาพ
WY20.5 ว522ก ฉ.1 
  Barcode: 003398
ห้องสมุดวิทยาเขตสวรรค์ประชารักษ์
►หนังสือทั่วไป
ถูกยืม กำหนดส่งวันที่ 28 กันยายน 2567
  จอง

รายการใกล้เคียง
    หัวเรื่อง [พยาบาล-นวัตกรรม]

BibComment


ยังไม่เคยถูกคอมเมนท์

คอมเมนท์ทรัพยากรรายการนี้
  คอมเมนท์: การพัฒนาศูนย์การ..


 Copyright 2026. Bcnsprnw @Library